| 000 | 01287nam a22002777a 4500 | ||
|---|---|---|---|
| 005 | 20081106101154.0 | ||
| 008 | 081106t xxu||||| |||| 00| 0 hin d | ||
| 010 | _aHIN-85423 | ||
| 020 |
_c450.00 _a8174875913 |
||
| 035 | _aHN-57769 | ||
| 037 | _bDBAD / PUB | ||
| 040 |
_aDPL _bHN |
||
| 082 | _a363.34 | ||
| 100 | _aनिशांत सिंह | ||
| 245 |
_aआपदा प्रबंधन / _cनिशांत सिंह |
||
| 246 |
_aAapadaa prabandhana _bby Nishant Singh |
||
| 260 |
_aनई दिल्ली _bराधा पब्लिकेशन्स _c2008 |
||
| 270 |
_a4231/1, अंसारी रोड़, दरियागंज _bनई दिल्ली _e110002 _k011-23247003, 23254306 |
||
| 300 |
_a226 पृ _c22सेमी (सजिल्द) |
||
| 650 |
_aआपदा राहत _xप्रबंधन |
||
| 650 |
_aDisaster relief _xManagement |
||
| 650 |
_aआपातकाल प्रबंधन _zभारत |
||
| 650 |
_aEmergency management _zIndia |
||
| 942 |
_2ddc _cHN _mनिशांत _h363.34 |
||
| 999 |
_c19699 _d19699 |
||